000 00869nmc a2200349 a 4500
003 AR-BaBNM
005 20251128210801.0
008 081020s2000 ||||||||||||||000 | spa||
020 _a84-306-0409-X
040 _cAR-BaBNM
100 1 _aGrijelmo, Alex
245 1 0 _aLa seducción de las palabras
260 _aMadrid
_bTaurus
_c2000
300 0 _a289 p.
490 0 _aTaurus pensamiento
500 0 _aContiene referencias bibliográficas
650 4 _aANALISIS LINGUISTICO
650 4 _aLINGUISTICA
650 4 _aGRAMATICA
650 4 _aANALISIS DEL HABLA
650 4 _aSINTAXIS
650 4 _aSEMANTICA
650 4 _aSIGNOS
650 4 _aLENGUAJE HABLADO
650 4 _aLENGUAJES SIMBOLICOS
650 4 _aPUBLICIDAD
650 4 _aPERSUASION
653 0 _aPRAGMATICA
653 0 _aANALISIS DEL DISCURSO
942 _cBK
998 _cMARTIN
999 _c16888
_d16888